000 00350 a2200157 4500
001 152642
040 _cEscola São Tomás de Aquino
100 _aGOMES, Álvaro Cardoso
240 1 0 _aA grande decisão
_lpor
245 1 0 _aA grande decisão
300 _a139
362 0 _a2003
440 1 _aFTD
697 _a*LITERATURA JUVENIL
942 _cBK
999 _c152642
_d152642